| 000 | 00874nam a2200325Ia 4500 | ||
|---|---|---|---|
| 001 | Z_5041 | ||
| 003 | CHAP | ||
| 008 | 220113s9999 xx 000 0 und d | ||
| 010 | _a168097 | ||
| 020 | _a970-07-1636-8 (rústica) \ 970-07-4603-8 (tela) | ||
| 040 | _cCHAP | ||
| 082 | _a891.73 C44 C84 | ||
| 100 |
_aChéjov, Antón P., 1860 - 1904 _9142369 |
||
| 245 |
_aCuentos escogidos / _cAntón P. Chéjov; prólogo Somerset Maugham |
||
| 250 | _a6a ed. | ||
| 260 |
_aMéxico : _bPorrúa, _c |
||
| 300 | _axxiii, 325 p. | ||
| 440 |
_a(Sepan cuantos ; 411) _9142370 |
||
| 503 | _aej.1: C/E | ||
| 504 | _aIncluye índice | ||
| 650 |
_aCuentos rusos _930099 |
||
| 650 |
_aLiteratura rusa _967145 |
||
| 700 |
_aMaugham, Somerset, pról. _9142371 |
||
| 901 | _a891.73 C44 C84 | ||
| 902 | _aM | ||
| 910 | _a | ||
| 942 | _c1 | ||
| 942 | _cc1 | ||
| 999 |
_c168097 _d168097 |
||